[Event "Deutsche Ländermeisterschaft 2017"]
[Site "Hannover GER"]
[Date "2017.10.01"]
[Round "2"]
[White "Ronge, Tim Hendrik"]
[Black "Zienert, Richard"]
[Result "1-0"]
[Termination "normal"]
[Board "2.3"]
[WhiteElo "2125"]
[BlackElo "2293"]
[WhiteClock "00:32:13"]
[BlackClock "00:29:58"]
[WhiteTeam "Rheinland-Pfalz"]
[BlackTeam "Sachsen"]
[PlyCount "91"]
[WhiteFideId "12955418"]
[BlackFideId "12945986"]
[EventCountry "GER"]
[EventRounds "7"]
[EventType "team-swiss"]
[EventDate "2017.09.29"]

1. d4 {[%clk 1:30:58]} Nf6 {[%clk 1:30:45]} 2. c4 {[%clk 1:31:22]} e6 {[%clk
1:30:59]} 3. Nc3 {[%clk 1:31:47]} Bb4 {[%clk 1:31:12]} 4. e3 {[%clk 1:32:10]}
b6 {[%clk 1:31:17]} 5. Nge2 {[%clk 1:31:55]} Bb7 {[%clk 1:31:08]} 6. a3 {[%clk
1:32:13]} Be7 {[%clk 1:30:23]} 7. d5 {[%clk 1:32:30]} O-O {[%clk 1:28:33]} 8.
e4 {[%clk 1:32:04]} exd5 {[%clk 1:28:57]} 9. cxd5 {[%clk 1:32:23]} Bd6 {[%clk
1:29:16]} 10. g3 {[%clk 1:32:46]} Re8 {[%clk 1:25:24]} 11. Bg2 {[%clk 1:33:07]}
Na6 {[%clk 1:25:39]} 12. O-O {[%clk 1:26:44]} Nc5 {[%clk 1:23:49]} 13. Qc2
{[%clk 1:26:45]} Qe7 {[%clk 1:19:02]} 14. Bg5 {[%clk 1:19:27]} Ba6 {[%clk
1:11:04]} 15. Rad1 {[%clk 1:11:03]} Be5 {[%clk 1:11:02]} 16. d6 {[%clk
1:03:57]} Bxd6 {[%clk 0:57:49]} 17. Nd5 {[%clk 1:02:53]} Qd8 {[%clk 0:54:23]}
18. Bxf6 {[%clk 1:02:01]} gxf6 {[%clk 0:54:45]} 19. Rfe1 {[%clk 1:00:46]} c6
{[%clk 0:46:31]} 20. Ne3 {[%clk 0:59:25]} Bf8 {[%clk 0:43:55]} 21. Nd4 {[%clk
0:55:18]} Rc8 {[%clk 0:41:03]} 22. Ndf5 {[%clk 0:53:13]} Bb5 {[%clk 0:37:30]}
23. Ng4 {[%clk 0:38:28]} Re6 {[%clk 0:32:54]} 24. Ngh6+ {[%clk 0:32:57]} Bxh6
{[%clk 0:33:17]} 25. Nxh6+ {[%clk 0:33:23]} Kg7 {[%clk 0:25:16]} 26. Nf5+
{[%clk 0:29:10]} Kh8 {[%clk 0:25:38]} 27. Rd4 {[%clk 0:23:33]} d5 {[%clk
0:21:38]} 28. b4 {[%clk 0:15:18]} Nb7 {[%clk 0:14:51]} 29. Rc1 {[%clk 0:13:02]}
Qe8 {[%clk 0:11:39]} 30. Rxd5 {[%clk 0:10:56]} c5 31. Qd1 {[%clk 0:08:51]} Bc6
{[%clk 0:08:31]} 32. Nd6 {[%clk 0:07:52]} Nxd6 {[%clk 0:08:40]} 33. Rxd6 {[%clk
0:08:18]} Bxe4 {[%clk 0:07:30]} 34. Bxe4 {[%clk 0:08:22]} Rxe4 {[%clk 0:07:21]}
35. Rxf6 {[%clk 0:08:28]} Rd8 {[%clk 0:06:27]} 36. Qf3 {[%clk 0:05:43]} Re1+
{[%clk 0:06:23]} 37. Rxe1 {[%clk 0:06:04]} Qxe1+ {[%clk 0:06:48]} 38. Kg2
{[%clk 0:06:32]} Rd1 {[%clk 0:06:58]} 39. Kh3 {[%clk 0:06:41]} Qf1+ {[%clk
0:06:35]} 40. Kh4 {[%clk 0:06:52]} Rd4+ {[%clk 0:03:59]} 41. g4 {[%clk
0:04:50]} Rd3 {[%clk 0:02:31]} 42. Qe4 {[%clk 0:01:11]} Rh3+ {[%clk 0:29:44]}
43. Kg5 {[%clk 0:32:07]} Qc1+ {[%clk 0:29:58]} 44. f4 {[%clk 0:32:21]} Kg7
{[%clk 0:30:21]} 45. Qe5 {[%clk 0:32:03]} Qc3 {[%clk 0:29:58]} 46. Rg6+ {[%clk
0:32:13]} 1-0

[Event "Deutsche Ländermeisterschaft 2017"]
[Site "Hannover GER"]
[Date "2017.10.01"]
[Round "2"]
[White "Nguyen, Alex Dac-Vuong"]
[Black "Yankelevich, Michael"]
[Result "1/2-1/2"]
[Termination "normal"]
[Board "2.4"]
[WhiteElo "2131"]
[BlackElo "1919"]
[WhiteClock "00:06:12"]
[BlackClock "00:27:37"]
[WhiteTeam "Sachsen"]
[BlackTeam "Rheinland-Pfalz"]
[PlyCount "103"]
[WhiteFideId "12984388"]
[BlackFideId "12921440"]
[EventCountry "GER"]
[EventRounds "7"]
[EventType "team-swiss"]
[EventDate "2017.09.29"]

1. Nf3 {[%clk 1:30:57]} c5 {[%clk 1:30:42]} 2. g3 {[%clk 1:31:18]} d5 {[%clk
1:30:49]} 3. Bg2 {[%clk 1:30:46]} Nf6 {[%clk 1:29:44]} 4. O-O {[%clk 1:31:00]}
e6 {[%clk 1:29:23]} 5. c4 {[%clk 1:24:51]} Nc6 {[%clk 1:28:29]} 6. d4 {[%clk
1:25:10]} dxc4 {[%clk 1:26:58]} 7. Qa4 {[%clk 1:25:03]} Bd7 {[%clk 1:25:54]} 8.
Qxc4 {[%clk 1:25:17]} Rc8 {[%clk 1:22:26]} 9. dxc5 {[%clk 1:17:05]} Qa5 {[%clk
1:20:32]} 10. Nc3 {[%clk 1:11:27]} Bxc5 {[%clk 1:12:24]} 11. a3 {[%clk
1:02:07]} Ne7 {[%clk 1:01:45]} 12. Qd3 {[%clk 1:01:44]} Ng6 {[%clk 0:58:08]}
13. Bg5 {[%clk 1:00:48]} Be7 {[%clk 0:57:49]} 14. b4 {[%clk 1:00:09]} Qc7
{[%clk 0:55:45]} 15. Rac1 {[%clk 1:00:11]} Qd6 {[%clk 0:49:45]} 16. Qe3 {[%clk
0:55:57]} Qa6 {[%clk 0:47:56]} 17. Bxf6 {[%clk 0:39:14]} Bxf6 {[%clk 0:47:03]}
18. Ne4 {[%clk 0:39:30]} Be7 {[%clk 0:46:16]} 19. Rxc8+ {[%clk 0:38:43]} Bxc8
{[%clk 0:46:45]} 20. Nc5 {[%clk 0:36:59]} Qb6 {[%clk 0:46:28]} 21. h4 {[%clk
0:32:09]} Bxc5 {[%clk 0:42:41]} 22. bxc5 {[%clk 0:32:11]} Qa6 {[%clk 0:43:03]}
23. h5 {[%clk 0:31:56]} Ne7 {[%clk 0:43:14]} 24. Qg5 {[%clk 0:30:14]} Rg8
{[%clk 0:42:16]} 25. Qe5 {[%clk 0:27:17]} f6 {[%clk 0:41:00]} 26. Qe4 {[%clk
0:26:21]} Qxa3 {[%clk 0:39:52]} 27. Qc4 {[%clk 0:24:12]} Nc6 {[%clk 0:38:19]}
28. Bh3 {[%clk 0:19:31]} Ke7 {[%clk 0:37:58]} 29. Rd1 {[%clk 0:18:41]} Rd8
{[%clk 0:37:11]} 30. Rxd8 {[%clk 0:19:07]} Nxd8 {[%clk 0:37:33]} 31. Qd4 {[%clk
0:19:16]} Qa6 {[%clk 0:37:19]} 32. Nd2 {[%clk 0:18:49]} Qxe2 {[%clk 0:35:49]}
33. Qd6+ {[%clk 0:17:59]} Ke8 {[%clk 0:36:13]} 34. Bf1 {[%clk 0:18:07]} Qxh5
{[%clk 0:35:25]} 35. Bb5+ {[%clk 0:18:32]} Nc6 {[%clk 0:35:41]} 36. Bxc6+
{[%clk 0:18:50]} bxc6 {[%clk 0:35:56]} 37. Qxc6+ {[%clk 0:18:53]} Bd7 {[%clk
0:36:04]} 38. Qa8+ {[%clk 0:19:11]} Ke7 {[%clk 0:36:27]} 39. Qxa7 {[%clk
0:15:43]} Qd5 {[%clk 0:36:18]} 40. Nf1 {[%clk 0:15:56]} e5 {[%clk 0:33:24]} 41.
Ne3 {[%clk 0:16:16]} Qe6 {[%clk 0:33:36]} 42. Nc2 {[%clk 0:13:57]} Qc4 {[%clk
0:32:59]} 43. Ne3 {[%clk 0:13:26]} Qe6 {[%clk 0:33:10]} 44. Nc2 {[%clk
0:12:30]} Kf7 {[%clk 0:32:27]} 45. Nb4 {[%clk 0:12:37]} Kg6 {[%clk 0:32:43]}
46. Qb7 {[%clk 0:09:42]} e4 {[%clk 0:31:56]} 47. c6 {[%clk 0:08:49]} Bc8 {[%clk
0:32:17]} 48. Qb5 {[%clk 0:08:50]} Qb3 {[%clk 0:27:51]} 49. c7 {[%clk 0:07:02]}
Qd1+ {[%clk 0:27:47]} 50. Qf1 {[%clk 0:05:53]} Qd6 {[%clk 0:27:37]} 51. Qc4
{[%clk 0:05:51]} Qd1+ {[%clk 0:27:37]} 52. Qf1 {[%clk 0:06:12]} 1/2-1/2

[Event "Deutsche Ländermeisterschaft 2017"]
[Site "Hannover GER"]
[Date "2017.10.01"]
[Round "2"]
[White "Musiolik, David"]
[Black "Lutz, Ruben"]
[Result "1-0"]
[Termination "normal"]
[Board "2.5"]
[WhiteElo "1952"]
[BlackElo "1914"]
[WhiteClock "00:40:40"]
[BlackClock "01:09:50"]
[WhiteTeam "Rheinland-Pfalz"]
[BlackTeam "Sachsen"]
[PlyCount "41"]
[WhiteFideId "12972355"]
[BlackFideId "12975974"]
[EventCountry "GER"]
[EventRounds "7"]
[EventType "team-swiss"]
[EventDate "2017.09.29"]

1. e4 {[%clk 1:30:55]} e6 {[%clk 1:30:55]} 2. d4 {[%clk 1:31:20]} d5 {[%clk
1:31:22]} 3. e5 {[%clk 1:31:45]} c5 {[%clk 1:31:48]} 4. c3 {[%clk 1:32:09]} Nc6
{[%clk 1:32:13]} 5. Nf3 {[%clk 1:32:34]} Qb6 {[%clk 1:32:36]} 6. a3 {[%clk
1:32:57]} c4 {[%clk 1:33:02]} 7. g3 {[%clk 1:33:22]} f6 {[%clk 1:33:28]} 8.
exf6 {[%clk 1:33:32]} Nxf6 {[%clk 1:33:49]} 9. Bg2 {[%clk 1:33:55]} Bd6 {[%clk
1:33:59]} 10. O-O {[%clk 1:34:03]} O-O {[%clk 1:34:11]} 11. Qe2 {[%clk
1:34:28]} Bd7 {[%clk 1:33:15]} 12. Ne5 {[%clk 1:33:37]} Rae8 {[%clk 1:30:44]}
13. Nd2 {[%clk 1:07:35]} Re7 {[%clk 1:26:30]} 14. Re1 {[%clk 0:57:31]} Be8
{[%clk 1:23:56]} 15. Ndf3 {[%clk 0:49:53]} Ne4 {[%clk 1:17:15]} 16. Nxc4 {[%clk
0:46:57]} Qc7 {[%clk 1:14:32]} 17. Nxd6 {[%clk 0:42:54]} Qxd6 {[%clk 1:14:29]}
18. Bf4 {[%clk 0:41:14]} Qd7 {[%clk 1:14:24]} 19. Ng5 {[%clk 0:40:25]} Nxg5
{[%clk 1:09:25]} 20. Bxg5 {[%clk 0:40:46]} Ref7 {[%clk 1:09:50]} 21. Bh3 {[%clk
0:40:40]} 1-0

[Event "Deutsche Ländermeisterschaft 2017"]
[Site "Hannover GER"]
[Date "2017.10.01"]
[Round "2"]
[White "Simon, Tessa"]
[Black "Morio, Estelle"]
[Result "1/2-1/2"]
[Termination "normal"]
[Board "2.6"]
[WhiteElo "1917"]
[BlackElo "1844"]
[WhiteClock "00:00:44"]
[BlackClock "00:01:10"]
[WhiteTeam "Sachsen"]
[BlackTeam "Rheinland-Pfalz"]
[PlyCount "68"]
[WhiteFideId "12929395"]
[BlackFideId "12951951"]
[EventCountry "GER"]
[EventRounds "7"]
[EventType "team-swiss"]
[EventDate "2017.09.29"]

1. e4 {[%clk 1:30:59]} d6 {[%clk 1:30:55]} 2. d4 {[%clk 1:31:20]} Nf6 {[%clk
1:31:21]} 3. Nc3 {[%clk 1:31:28]} Nbd7 {[%clk 1:31:44]} 4. Be3 {[%clk 1:30:36]}
e5 {[%clk 1:31:45]} 5. f3 {[%clk 1:30:43]} Be7 {[%clk 1:31:29]} 6. Nge2 {[%clk
1:30:50]} c6 {[%clk 1:28:51]} 7. Qd2 {[%clk 1:29:39]} O-O {[%clk 1:16:19]} 8.
O-O-O {[%clk 1:29:41]} Nb6 {[%clk 1:06:52]} 9. Qd3 {[%clk 0:58:17]} Be6 {[%clk
1:01:12]} 10. Kb1 {[%clk 0:39:35]} Qc7 {[%clk 0:53:10]} 11. g4 {[%clk 0:36:02]}
d5 {[%clk 0:46:23]} 12. g5 {[%clk 0:21:35]} dxe4 {[%clk 0:45:28]} 13. Nxe4
{[%clk 0:21:48]} Nfd5 {[%clk 0:41:12]} 14. N2c3 {[%clk 0:13:41]} Nxe3 {[%clk
0:37:40]} 15. Qxe3 {[%clk 0:14:02]} exd4 {[%clk 0:34:49]} 16. Rxd4 {[%clk
0:12:31]} Rfe8 {[%clk 0:33:54]} 17. Qg1 {[%clk 0:08:56]} Nd7 {[%clk 0:23:15]}
18. Rd1 {[%clk 0:02:51]} Qb6 {[%clk 0:18:46]} 19. Be2 {[%clk 0:02:22]} Qxg1
{[%clk 0:16:55]} 20. Rhxg1 {[%clk 0:02:51]} Rad8 {[%clk 0:14:17]} 21. Nd6
{[%clk 0:01:51]} Bxd6 {[%clk 0:14:33]} 22. Rxd6 {[%clk 0:02:20]} Nb6 {[%clk
0:13:12]} 23. Rxd8 {[%clk 0:00:55]} Rxd8 {[%clk 0:13:39]} 24. Rd1 {[%clk
0:01:06]} Rxd1+ {[%clk 0:09:58]} 25. Bxd1 {[%clk 0:01:34]} Nd5 {[%clk 0:10:05]}
26. Ne4 {[%clk 0:00:44]} Kf8 {[%clk 0:08:42]} 27. Kc1 {[%clk 0:00:57]} Ke7
{[%clk 0:08:42]} 28. Kd2 {[%clk 0:01:08]} b6 {[%clk 0:07:17]} 29. a3 {[%clk
0:01:03]} Kd7 {[%clk 0:05:24]} 30. Be2 {[%clk 0:00:58]} Nf4 {[%clk 0:04:21]}
31. Ke3 {[%clk 0:00:37]} Nd5+ {[%clk 0:02:47]} 32. Kd2 {[%clk 0:01:03]} Ne7
{[%clk 0:02:22]} 33. Bd3 {[%clk 0:00:38]} Nf5 {[%clk 0:01:57]} 34. c3 {[%clk
0:00:44]} c5 {[%clk 0:01:10]} 1/2-1/2

[Event "Deutsche Ländermeisterschaft 2017"]
[Site "Hannover GER"]
[Date "2017.10.01"]
[Round "2"]
[White "Reitz, Theresa"]
[Black "Könze, Heike"]
[Result "0-1"]
[Termination "normal"]
[Board "2.7"]
[WhiteElo "1730"]
[BlackElo "1775"]
[WhiteClock "00:04:53"]
[BlackClock "01:00:53"]
[WhiteTeam "Rheinland-Pfalz"]
[BlackTeam "Sachsen"]
[PlyCount "48"]
[WhiteFideId "12971901"]
[BlackFideId "12964476"]
[EventCountry "GER"]
[EventRounds "7"]
[EventType "team-swiss"]
[EventDate "2017.09.29"]

1. e4 {[%clk 1:30:57]} c5 {[%clk 1:30:51]} 2. Nc3 {[%clk 1:31:15]} e6 {[%clk
1:31:07]} 3. f4 {[%clk 1:29:54]} d5 {[%clk 1:31:04]} 4. Nf3 {[%clk 1:29:16]}
Nf6 {[%clk 1:28:48]} 5. e5 {[%clk 1:11:58]} Nfd7 {[%clk 1:29:06]} 6. d4 {[%clk
1:08:39]} Nc6 {[%clk 1:29:22]} 7. Be3 {[%clk 1:08:08]} Be7 {[%clk 1:25:21]} 8.
Be2 {[%clk 1:02:46]} b6 {[%clk 1:17:48]} 9. O-O {[%clk 0:58:09]} O-O {[%clk
1:17:54]} 10. a3 {[%clk 0:54:54]} f6 {[%clk 1:16:28]} 11. g4 {[%clk 0:31:09]}
fxe5 {[%clk 1:14:45]} 12. fxe5 {[%clk 0:30:50]} cxd4 {[%clk 1:14:11]} 13. Nxd4
{[%clk 0:24:42]} Ndxe5 {[%clk 1:13:15]} 14. Rxf8+ {[%clk 0:24:50]} Bxf8 {[%clk
1:11:08]} 15. Bb5 {[%clk 0:19:22]} Nxd4 {[%clk 1:05:07]} 16. Bxd4 {[%clk
0:19:29]} Bc5 {[%clk 1:05:21]} 17. Bxc5 {[%clk 0:15:57]} bxc5 {[%clk 1:05:42]}
18. h3 {[%clk 0:15:38]} Qh4 {[%clk 1:05:15]} 19. Bf1 {[%clk 0:12:52]} Bb7
{[%clk 1:03:56]} 20. Bg2 {[%clk 0:12:57]} Qg3 {[%clk 1:02:22]} 21. Kh1 {[%clk
0:11:12]} Rf8 {[%clk 1:01:48]} 22. Ne2 {[%clk 0:06:13]} Qe3 {[%clk 1:01:49]}
23. Ng1 {[%clk 0:05:01]} Rf2 {[%clk 1:00:44]} 24. Qe1 {[%clk 0:04:53]} Qg3
{[%clk 1:00:53]} 0-1

[Event "Deutsche Ländermeisterschaft 2017"]
[Site "Hannover GER"]
[Date "2017.10.01"]
[Round "2"]
[White "Peglau, Mirjam"]
[Black "Kalina, Lena"]
[Result "1/2-1/2"]
[Termination "normal"]
[Board "2.8"]
[WhiteElo "1552"]
[BlackElo "1402"]
[WhiteClock "00:55:41"]
[BlackClock "00:22:36"]
[WhiteTeam "Sachsen"]
[BlackTeam "Rheinland-Pfalz"]
[PlyCount "71"]
[WhiteFideId "16211138"]
[BlackFideId "12988014"]
[EventCountry "GER"]
[EventRounds "7"]
[EventType "team-swiss"]
[EventDate "2017.09.29"]

1. e4 {[%clk 1:30:58]} c5 {[%clk 1:30:54]} 2. Nf3 {[%clk 1:31:24]} Nc6 {[%clk
1:31:17]} 3. d4 {[%clk 1:31:50]} cxd4 {[%clk 1:31:41]} 4. Nxd4 {[%clk 1:32:15]}
g6 {[%clk 1:32:04]} 5. c4 {[%clk 1:32:39]} Bg7 {[%clk 1:32:15]} 6. Be3 {[%clk
1:32:49]} Nf6 {[%clk 1:32:28]} 7. Nc3 {[%clk 1:33:04]} O-O {[%clk 1:32:33]} 8.
Be2 {[%clk 1:33:27]} d6 {[%clk 1:32:40]} 9. O-O {[%clk 1:33:46]} Nxd4 {[%clk
1:32:24]} 10. Bxd4 {[%clk 1:34:06]} Be6 {[%clk 1:32:37]} 11. Rc1 {[%clk
1:33:33]} Qa5 {[%clk 1:30:02]} 12. Qc2 {[%clk 1:29:32]} Rfc8 {[%clk 1:27:01]}
13. b3 {[%clk 1:28:59]} a6 {[%clk 1:24:06]} 14. Qd3 {[%clk 1:26:48]} Rab8
{[%clk 1:20:31]} 15. Nd5 {[%clk 1:18:22]} Nxd5 {[%clk 1:11:37]} 16. cxd5 {[%clk
1:18:11]} Bxd4 {[%clk 1:07:29]} 17. Qxd4 {[%clk 1:18:33]} Bd7 {[%clk 0:54:36]}
18. Qb2 {[%clk 1:17:24]} Qb4 {[%clk 0:50:12]} 19. f3 {[%clk 1:13:37]} Rc5
{[%clk 0:42:48]} 20. Rc4 {[%clk 1:12:02]} Qb6 {[%clk 0:40:02]} 21. Qd4 {[%clk
1:11:38]} Bb5 {[%clk 0:37:18]} 22. Rxc5 {[%clk 1:10:52]} dxc5 {[%clk 0:36:31]}
23. Qe5 {[%clk 1:07:02]} Qd6 {[%clk 0:34:58]} 24. Qxd6 {[%clk 1:06:55]} exd6
{[%clk 0:35:09]} 25. Bxb5 {[%clk 1:07:19]} axb5 {[%clk 0:35:24]} 26. Kf2 {[%clk
1:06:59]} Ra8 {[%clk 0:34:22]} 27. Ra1 {[%clk 1:07:04]} Kf8 {[%clk 0:34:04]}
28. Ke3 {[%clk 1:07:20]} Ke7 {[%clk 0:33:30]} 29. Kd3 {[%clk 1:06:51]} Kd7
{[%clk 0:32:14]} 30. Kc3 {[%clk 1:02:58]} b6 {[%clk 0:31:22]} 31. Kb2 {[%clk
1:02:59]} Kc7 {[%clk 0:28:58]} 32. Re1 {[%clk 1:00:50]} f6 {[%clk 0:28:35]} 33.
h4 {[%clk 1:00:19]} Re8 {[%clk 0:27:58]} 34. f4 {[%clk 0:56:05]} h5 {[%clk
0:24:55]} 35. g3 {[%clk 0:56:12]} Kd7 {[%clk 0:22:36]} 36. Kc3 {[%clk 0:55:41]}
1/2-1/2

[Event "Deutsche Ländermeisterschaft 2017"]
[Site "Hannover GER"]
[Date "2017.10.01"]
[Round "2"]
[White "Reuker, Jari"]
[Black "Krause, Benedict"]
[Result "0-1"]
[Termination "normal"]
[Board "3.1"]
[BlackTitle "FM"]
[WhiteElo "2335"]
[BlackElo "2438"]
[WhiteClock "00:31:29"]
[BlackClock "00:29:44"]
[WhiteTeam "Niedersachsen"]
[BlackTeam "Schleswig-Holstein"]
[PlyCount "84"]
[WhiteFideId "12909300"]
[BlackFideId "12917990"]
[EventCountry "GER"]
[EventRounds "7"]
[EventType "team-swiss"]
[EventDate "2017.09.29"]

1. Nf3 Nf6 2. c4 c5 3. g3 g6 4. Bg2 d5 5. cxd5 Nxd5 6. O-O Bg7 7. d4 cxd4 8.
Nxd4 O-O 9. Nc3 Nxc3 10. bxc3 Qc7 11. Rb1 Qxc3 12. Nb5 Qa5 13. Bd2 Qxa2 14. Nc7
Rd8 15. Nxa8 Rxd2 16. Qc1 Rc2 17. Qf4 Nc6 18. Rfd1 Be5 19. Qh6 Bg7 20. Qf4 e5
21. Qh4 Nd4 22. Qd8+ Bf8 23. Bd5 Nxe2+ 24. Kh1 Qa3 25. Ra1 Qe7 26. Be4 Qc5 27.
Bxc2 Qxc2 28. f3 Nd4 29. Qd5 Bh3 30. Rg1 Qf2 31. Ra2 Ne2 32. Rxe2 Qxe2 33. Nc7
b6 34. Qa8 Kg7 35. Ne8+ Kh6 36. Nf6 Bc5 37. f4 e4 38. Qxe4 Qxe4+ 39. Nxe4 Bd7
40. Rg2 Bc6 41. Ng5 Kg7 42. h4 h6 0-1

[Event "Deutsche Ländermeisterschaft 2017"]
[Site "Hannover GER"]
[Date "2017.10.01"]
[Round "2"]
[White "Parvanyan, Ashot"]
[Black "Vöge, Tobias"]
[Result "1/2-1/2"]
[Termination "normal"]
[Board "3.2"]
[WhiteTitle "FM"]
[BlackTitle "FM"]
[WhiteElo "2374"]
[BlackElo "2188"]
[WhiteClock "00:00:52"]
[BlackClock "00:08:16"]
[WhiteTeam "Schleswig-Holstein"]
[BlackTeam "Niedersachsen"]
[PlyCount "207"]
[WhiteFideId "13307550"]
[BlackFideId "1270513"]
[EventCountry "GER"]
[EventRounds "7"]
[EventType "team-swiss"]
[EventDate "2017.09.29"]

1. Nf3 Nf6 2. c4 c5 3. g3 g6 4. b3 Bg7 5. Bb2 O-O 6. Bg2 Nc6 7. O-O d6 8. d4
cxd4 9. Nxd4 Nxd4 10. Qxd4 Ne8 11. Qd2 Bxb2 12. Qxb2 Qa5 13. Nc3 Nc7 14. Rfd1
Rb8 15. Rac1 b6 16. Nd5 Nxd5 17. cxd5 Bd7 18. Rc7 Rfd8 19. Rdc1 b5 20. b4 Qb6
21. Bh3 Bxh3 22. R1c6 Rbc8 23. Rxc8 Rxc8 24. Rxb6 axb6 25. f3 Bd7 26. Qd4 f6
27. Qxb6 Kf7 28. Qb7 Rc1+ 29. Kf2 Be8 30. h4 Rc3 31. Qa8 Rc1 32. g4 Rh1 33. g5
f5 34. Kg3 Rg1+ 35. Kf2 Rh1 36. Qa5 Rc1 37. Qa3 Rh1 38. Kg3 Kg8 39. Qe3 Kf8 40.
Qc3 Kg8 41. e4 fxe4 42. fxe4 Rf1 43. e5 Rf5 44. exd6 exd6 45. Qc8 Kf8 46. Qe6
Bf7 47. Qxd6+ Kg7 48. Qc7 Rxd5 49. Kf4 Rf5+ 50. Ke4 h6 51. gxh6+ Kxh6 52. Qd8
Kh7 53. a3 Bb3 54. Qd7+ Kg8 55. Qc8+ Kh7 56. Qc7+ Kh6 57. Qc8 Kh7 58. Qc3 Ba4
59. Qd2 Kg7 60. Qd8 Kh7 61. Qe7+ Kg8 62. Qd7 Kh8 63. Kd4 Kg8 64. Ke3 Kh8 65.
Kd2 Kg8 66. Ke3 Kh8 67. Ke2 Kg8 68. Ke3 Bb3 69. Qc8+ Kh7 70. Ke4 Bd5+ 71. Kd4
Bb3 72. Qe8 Ba4 73. Qe7+ Kg8 74. Qd7 Bb3 75. Kc3 Ba4 76. Qb7 Rh5 77. Qe7 Rf5
78. Kd4 Bb3 79. Qe3 Ba4 80. Qe7 Bb3 81. Qe3 Ba4 82. Qh6 Kf7 83. Qh7+ Kf6 84.
Qc7 Bb3 85. Ke3 Ba4 86. Ke4 Rh5 87. Ke3 Rf5 88. Qh7 Rh5 89. Qg8 Re5+ 90. Kd4
Rh5 91. Kc3 Rf5 92. Qf8+ Ke6 93. Qg7 Rf6 94. Qg8+ Ke7 95. Kd4 Rf4+ 96. Ke3 Rf6
97. Qg7+ Ke6 98. Qc7 Rf5 99. Qg7 Rf6 100. Kd4 Rf4+ 101. Kc5 Rf5+ 102. Kc6 Rf6
103. Qd7+ Ke5+ 104. Kc5 1/2-1/2

[Event "Deutsche Ländermeisterschaft 2017"]
[Site "Hannover GER"]
[Date "2017.10.01"]
[Round "2"]
[White "Schulze, Lara"]
[Black "Kololli, Martin"]
[Result "0-1"]
[Termination "normal"]
[Board "3.3"]
[WhiteTitle "WFM"]
[WhiteElo "2130"]
[BlackElo "2299"]
[WhiteClock "00:00:37"]
[BlackClock "00:16:00"]
[WhiteTeam "Niedersachsen"]
[BlackTeam "Schleswig-Holstein"]
[PlyCount "78"]
[WhiteFideId "12956830"]
[BlackFideId "12936910"]
[EventCountry "GER"]
[EventRounds "7"]
[EventType "team-swiss"]
[EventDate "2017.09.29"]

1. e4 e5 2. Nf3 Nc6 3. Bb5 a6 4. Ba4 Nf6 5. O-O Be7 6. Bxc6 dxc6 7. d3 Qd6 8.
Nbd2 Be6 9. b3 Nd7 10. Bb2 b5 11. a4 O-O 12. Ra2 f6 13. Qa1 Rab8 14. axb5 axb5
15. d4 exd4 16. Nxd4 c5 17. Nxe6 Qxe6 18. c4 bxc4 19. bxc4 Rfd8 20. Bc3 Bd6 21.
Qe1 Nb6 22. Qe2 Bf4 23. g3 Bxd2 24. Rxd2 Rxd2 25. Bxd2 Qxc4 26. Qxc4+ Nxc4 27.
Bf4 Nd6 28. f3 Rb6 29. Rc1 Rc6 30. Kf2 Kf7 31. e5 Nb5 32. exf6 gxf6 33. h4 c4
34. g4 c3 35. Be3 Ke6 36. f4 c2 37. Ke2 Kd5 38. g5 fxg5 39. fxg5 Ke4 0-1

[Event "Deutsche Ländermeisterschaft 2017"]
[Site "Hannover GER"]
[Date "2017.10.01"]
[Round "2"]
[White "Kopylov, Daniel"]
[Black "Polster, Christian"]
[Result "1-0"]
[Termination "normal"]
[Board "3.4"]
[BlackTitle "FM"]
[WhiteElo "2243"]
[BlackElo "2144"]
[WhiteClock "00:26:12"]
[BlackClock "00:00:55"]
[WhiteTeam "Schleswig-Holstein"]
[BlackTeam "Niedersachsen"]
[PlyCount "109"]
[WhiteFideId "12921971"]
[BlackFideId "12965081"]
[EventCountry "GER"]
[EventRounds "7"]
[EventType "team-swiss"]
[EventDate "2017.09.29"]

1. e4 c5 2. Nf3 d6 3. d4 cxd4 4. Nxd4 Nf6 5. Nc3 a6 6. Be3 e5 7. Nf3 Qc7 8. a4
b6 9. Bd3 Be7 10. O-O O-O 11. Bg5 Nbd7 12. Qe2 Bb7 13. Bc4 Nc5 14. Bxf6 Bxf6
15. Bd5 Ne6 16. g3 Nd4 17. Qd1 Nc6 18. h4 Rac8 19. Nh2 Nb4 20. Bxb7 Qxb7 21.
Ng4 Be7 22. Ne3 Qc6 23. Ncd5 Nxd5 24. Nxd5 Bd8 25. c3 Qb7 26. Qe2 Re8 27. Rfd1
Ra8 28. Qg4 Re6 29. Qf3 g6 30. Rd3 Kg7 31. h5 Ra7 32. Qg4 Qc6 33. Ne3 Kf8 34.
Rad1 Be7 35. Nd5 Bd8 36. hxg6 hxg6 37. b3 Bf6 38. Rf3 Kg7 39. Kg2 Qe8 40. Rh1
Qg8 41. Rxf6 Rxf6 42. Qh4 g5 43. Qxg5+ Rg6 44. Qe3 Rb7 45. Nxb6 d5 46. Nxd5 f5
47. Qc5 Qf7 48. Ne3 fxe4 49. Qxe5+ Kf8 50. Nf5 Qxb3 51. Rh8+ Kf7 52. Rh7+ Kf8
53. Qh8+ Rg8 54. Qf6+ Ke8 55. Nd6# 1-0

[Event "Deutsche Ländermeisterschaft 2017"]
[Site "Hannover GER"]
[Date "2017.10.01"]
[Round "2"]
[White "Pubantz, Jan"]
[Black "Köhler, Inken"]
[Result "1-0"]
[Termination "normal"]
[Board "3.5"]
[WhiteElo "2030"]
[BlackElo "1893"]
[WhiteClock "00:33:49"]
[BlackClock "00:26:48"]
[WhiteTeam "Niedersachsen"]
[BlackTeam "Schleswig-Holstein"]
[PlyCount "83"]
[WhiteFideId "12996114"]
[BlackFideId "12929301"]
[EventCountry "GER"]
[EventRounds "7"]
[EventType "team-swiss"]
[EventDate "2017.09.29"]

1. Nf3 d5 2. d4 Nf6 3. c4 c6 4. Nc3 dxc4 5. a4 Bf5 6. Ne5 e6 7. f3 Bb4 8. Nxc4
Nd5 9. Qb3 Qh4+ 10. g3 Qxd4 11. e3 Bxc3+ 12. bxc3 Qxc3+ 13. Qxc3 Nxc3 14. Bd2
Nb1 15. Bb4 Bc2 16. Nd6+ Kd7 17. Nxf7 Rc8 18. Ne5+ Ke8 19. Bd3 Bxd3 20. Nxd3 a5
21. Bc5 Nc3 22. e4 b5 23. axb5 Nxb5 24. Kd2 Na6 25. Ra4 Nxc5 26. Nxc5 Rd8+ 27.
Ke3 e5 28. Nd3 Rd4 29. Rha1 Rad8 30. Nxe5 Rd2 31. Nxc6 R8d3+ 32. Kf4 Rf2 33.
Ne5 Rc3 34. Rxa5 Nd4 35. Ra8+ Ke7 36. R1a7+ Kf6 37. Rf7+ Ke6 38. Re8+ Kd6 39.
Rd7+ Kc5 40. Rc8+ Kb5 41. Rxc3 Ne2+ 42. Ke3 1-0

[Event "Deutsche Ländermeisterschaft 2017"]
[Site "Hannover GER"]
[Date "2017.10.01"]
[Round "2"]
[White "Mönster, Madita"]
[Black "Farokhi, Keyvan"]
[Result "1-0"]
[Termination "normal"]
[Board "3.7"]
[WhiteElo "1730"]
[BlackElo "1781"]
[WhiteClock "00:03:23"]
[BlackClock "00:06:42"]
[WhiteTeam "Niedersachsen"]
[BlackTeam "Schleswig-Holstein"]
[PlyCount "77"]
[WhiteFideId "12947156"]
[BlackFideId "12998630"]
[EventCountry "GER"]
[EventRounds "7"]
[EventType "team-swiss"]
[EventDate "2017.09.29"]

1. e4 c5 2. Nf3 Nc6 3. d4 cxd4 4. Nxd4 g6 5. Nc3 Bg7 6. Be3 Nf6 7. Bc4 d6 8. f3
O-O 9. Qd2 Bd7 10. O-O-O Rc8 11. Bb3 Ne5 12. Kb1 Nc4 13. Bxc4 Rxc4 14. g4 b5
15. h4 b4 16. Nce2 a5 17. h5 e5 18. Nb3 a4 19. Nbc1 d5 20. g5 dxe4 21. gxf6
Qxf6 22. Bg5 Qf5 23. h6 Bh8 24. Be7 exf3 25. Bxf8 fxe2 26. Qxe2 Bb5 27. Be7 Rc8
28. Qh2 b3 29. axb3 axb3 30. Rd8+ Rxd8 31. Bxd8 Ba4 32. Qd2 bxc2+ 33. Ka1 Qc8
34. Be7 Qa6 35. Qd8+ Be8+ 36. Ba3 Qa4 37. Qe7 Bg7 38. hxg7 Kxg7 39. Qxe5+
1/2-1/2